Personnages hazbin hotel saison 1 - Statistiques

Statistiques générales
  • Ce quiz a été pris 207 fois
  • Le résultat moyen est 14 sur 15
Statistiques - réponses
personnages % Correct
Un des démons les plus puissant de l'enfer, démon de la radio. Alastor
100%
Créateur de l'extermination et détraqué sexuel. Adam
99%
Prisonnier, il est une star des films pour adulte malgré lui Angel
99%
Protagoniste, elle amène la joie et la bonne humeur. Elle essaye d'emmener la paix entre le paradis et les enfers. Charlie
97%
Le barman alcoolique de l'hôtel. Husk
97%
Ange déchu et dirigeant de l'enfer. Celui qui devait être le premier homme sur terre. Lucifer
97%
Femme de ménage totalement folle de l'hôtel. Niffty
97%
Manageuse de l'hôtel, elle était avant tout un ange. Vaggie
96%
Concurrent du démon de la radio dans la série, il est le démon de la télé. Vox
96%
Gérant d'une grande industrie de film pour adulte, il n'aurait pas hésité à v*oler ses travailleurs s'ils ne l'écoutaient pas. Valentino
93%
Habitant de l'hôtel qui essaye de rivaliser avec les autres démons avec ses engins les plus fous Sir pentious
91%
Exorciste, elle est la lieutenante d'Adam pendant les exterminations. lute
86%
Démone la plus puissante des enfers, la meilleure trafiquante d'arme des enfers. Carmilla
85%
Amie d'Alastor, elle ne vient a lui que quand elle a des problèmes. Mimzy
79%
Très grande amie d'Angel, ils sont partenaires dans le crime. Cherri
72%
Aucun quiz correspondant
Distribution des résultats
% des personnes avec chaque résultat
Percentile par nombre de réponses
Votre historique - résultats
Vous n’avez pas pris ce quiz